|
|
|
|
| LEADER |
02915nam a22004337a 4500 |
| 001 |
39310 |
| 003 |
BD-DhAAL |
| 008 |
220816r20222004bg ||||| |||| 00| 1 ben d |
| 020 |
|
|
|a 9789844066267
|
| 020 |
|
|
|a 984180459-X
|
| 040 |
|
|
|a BD-DhAAL
|c BD-DhAAL
|
| 041 |
|
|
|a ben
|
| 082 |
|
|
|a 891.443
|2 23
|
| 245 |
|
|
|a সৈয়দ মুজতবা আলী :
|b রচনাবলী,
|n দ্বিতীয় খণ্ড /
|c সম্পাদনা পরিষদ আবদুল্লাহ আবু সায়ীদ, আবদুল মান্নান সৈয়দ, সৈয়দা ফাউজিয়া আলী, সৈয়দ রুহুল আমিন, সৈয়দ মশাররফ আলী, সৈয়দ জগলুল আলী, ওবায়দুর রব.
|
| 246 |
|
|
|a Syed Mujtaba Ali rachanabali
|
| 250 |
|
|
|a দ্বিতীয় সংস্করণ
|
| 260 |
|
|
|a ঢাকা :
|b ষ্টুডেন্ট ওয়েজ ;
|b বিশ্বসাহিত্য কেন্দ্র,
|c ২০০৪,
|c ২০১৬ [সপ্তম মুদ্রণ ২০২২]
|
| 300 |
|
|
|a ৫১৬ পৃষ্ঠা,
|a ৩৮১ পৃষ্ঠা ;
|c ২২ সে.মি.
|
| 362 |
|
|
|a Vol. 2
|
| 490 |
|
|
|a বিশ্বসাহিত্য কেন্দ্র প্রকাশনা ;
|v ৪৬৪
|
| 526 |
|
|
|a GenEd (Residential Campus)
|
| 541 |
|
|
|a Donated By Akbar Ali Khan
Development Book Agency
|e 39310, 40630,40631
|
| 600 |
|
|
|a আলী, সৈয়দ মুজতবা
|9 50862
|
| 650 |
|
|
|a Bengali fiction.
|9 50863
|
| 650 |
|
|
|a Bengali Literature.
|
| 700 |
|
|
|a সায়ীদ, আবদুল্লাহ আবু
|9 50864
|
| 700 |
|
|
|a সৈয়দ, আবদুল মান্নান
|9 50865
|
| 700 |
|
|
|a আলী, সৈয়দা ফাউজিয়া
|9 50866
|
| 700 |
|
|
|a আমিন, সৈয়দ রুহুল
|9 50867
|
| 700 |
|
|
|a আলী, সৈয়দ মশাররফ
|9 50868
|
| 700 |
|
|
|a আলী, সৈয়দ জগলুল
|9 50869
|
| 700 |
|
|
|a রব, ওবায়দুর
|9 50870
|
| 830 |
|
|
|a বিশ্বসাহিত্য কেন্দ্র প্রকাশনা ;
|v ৪৬৪
|9 53391
|
| 852 |
|
|
|a Ayesha Abed Library
|c Akbar Ali Khan Collection
|
| 942 |
|
|
|2 ddc
|c BK
|
| 999 |
|
|
|c 44843
|d 44843
|
| 952 |
|
|
|0 0
|1 0
|2 ddc
|4 0
|6 891_443000000000000_SYE
|7 1
|9 71657
|a BRACUL
|b BRACUL
|c AWC
|d 2022-08-16
|e Donated by Akbar Ali Khan
|l 0
|o 891.443 SYE
|p 3010039310
|r 2022-08-16
|t 1
|w 2022-08-16
|y BK
|
| 952 |
|
|
|0 0
|1 0
|2 ddc
|4 0
|6 891_443000000000000_SYE
|7 0
|9 72710
|a SCL
|b SCL
|c GEN
|d 2023-01-05
|e Development Book Agency
|g 348.90
|l 1
|m 1
|o 891.443 SYE
|p 3020040631
|r 2023-10-08
|s 2023-09-24
|t 3
|v 348.90
|w 2023-01-05
|y BK
|
| 952 |
|
|
|0 0
|1 0
|2 ddc
|4 0
|6 891_443000000000000_SYE
|7 0
|9 72711
|a SCL
|b SCL
|c GEN
|d 2023-01-05
|e Development Book Agency
|g 348.90
|l 0
|o 891.443 SYE
|p 3020040630
|r 2023-01-05
|t 2
|v 348.90
|w 2023-01-05
|y BK
|